|
|
|
|
| LEADER |
01176naa a2200373 a 4500 |
| 001 |
000085613 |
| 003 |
SVKKK |
| 005 |
20070914134611.0 |
| 008 |
050331c2004 xr e eng |
| FMT |
|
|
|
| 015 |
|
|
|a SNBRA2007/08-ccccc
|
| 038 |
|
|
|a SVKKK
|
| 040 |
|
|
|a SVKKK
|b slo
|e AACR2
|
| 041 |
0 |
|
|a eng
|b eng
|
| 044 |
|
|
|a xr
|c SK
|
| 080 |
|
|
|a 549.328.1
|2 1997
|
| 080 |
|
|
|a 669.43
|2 1997
|
| 242 |
1 |
0 |
|a Spracovanie syntetických zmesí galenitu na výrobu olova a elementárnej síry
|
| 245 |
0 |
0 |
|a Processing of galena synthetic mixtures for producing lead and elemental sulfur
|c Blagoj Golomeov ... [et al.]
|
| 300 |
|
|
|b Tab.
|
| 504 |
|
|
|a Bibliogr. odkazy
|
| 504 |
|
|
|a Res. angl.
|
| 650 |
0 |
4 |
|a galenit
|x zmesi syntetické
|x získavanie Pb, S
|x lúhovanie
|
| 700 |
1 |
|
|a Golomeov, Blagoj
|4 aut
|
| 700 |
1 |
|
|a Krstev, Alexander
|4 aut
|
| 700 |
1 |
|
|a Krstev, Boris
|4 aut
|
| 700 |
1 |
|
|a Ristevski, Igor
|4 aut
|
| 773 |
0 |
|
|t 8th Conference on environment and mineral processing, part 2
|d Ostrava : Vysoká škola báňská - Technická univerzita, 2004
|z 80-248-0559-6
|g S. 511-516
|
| 958 |
|
|
|a NB
|
| 992 |
|
|
|a RZB
|
| BAS |
|
|
|
| 852 |
|
|
|a SVKKK
|b BIB
|
| EXP |
|
|
|
| 998 |
|
|
|a BAN
|